| 000 | 00813cam a22002535a 4500 | ||
|---|---|---|---|
| 001 | E152917 | ||
| 008 | 110516s2011 xxka f 000 0 eng u | ||
| 020 | _a9781848061798 | ||
| 035 | _a(Sirsi) u152917 | ||
| 041 | 0 | _aeng | |
| 050 | 0 | 4 | _a696 $2 18 |
| 100 | 1 | _aMacdonald, Norman | |
| 245 | 0 | 0 | _aInstalling fire-resisting ductwork and dampers |
| 260 |
_aWatford _bIHS BRE _c2011 |
||
| 300 |
_a12p. _bill. _c30cm. |
||
| 490 | 0 |
_aBRE Good Building Guide _vGBG 81 |
|
| 520 | _aDiscusses the benefits of using fire-resisting ductwork and fire dampers. Also looks at their installation, certification and maintenance. Includes references. | ||
| 521 | _aAdvanced | ||
| 590 | _aKA | ||
| 651 | 4 |
_aUnited Kingdom _y |
|
| 690 | _aMANAGEMENT-HEALTH AND SAFETY-FIRE SAFETY | ||
| 700 | 1 | _aStewart, Ian | |
| 942 | _n0 | ||
| 999 |
_c112263 _d112263 |
||